000 00193 a2200097 4500
020 _a9780673758903
041 _aspa
100 _aGreene, Inez
245 _a
942 _cBK
999 _c31934
_d31932